000
00190nam a2200085 4500
001
1254712
005
20251121091533.0
245
_a
YEDEK KALECİ
_c
HÜSEYİN KELEŞ
260
_b
TİMAŞ YAYINLARI
999
_c
1254712
_d
1254712